| 000 | 00627nam a2200193Ia 4500 | ||
|---|---|---|---|
| 003 | GCL | ||
| 005 | 20240530104927.0 | ||
| 008 | 140319s9999 xx 000 0 ara d | ||
| 040 |
_aGCL / _cGCL |
||
| 082 | 0 | 4 |
_aق _b329.962 _bو ا |
| 100 | 1 | _aوحيد عبدالمجيد | |
| 245 | 1 | 0 |
_aالاحزاب المصرية من الداخل (1992-1907) / _cوحيد عبدالمجيد |
| 260 |
_a[S.N] : _bمركز المحروسة للنشر |
||
| 300 | _a269 ص | ||
| 650 | 0 | 4 | _aالاحزاب السياسية |
| 650 | 0 | 4 | _aالتحالف الحزبى |
| 650 | 0 | 4 | _aمصر - الاحزاب السياسية |
| 942 |
_2ddc _cBK |
||
| 999 |
_c51827 _d51827 |
||